000 01711nam a2200241 4500
003 NALT
005 20250818221654.0
008 250718b th ||||| |||| 00| 0 tha d
040 _aNALT
110 2 _aบริษัท ไปรษณีย์ไทย จำกัด.
_966317
245 1 0 _aรายงานประจำปี 2567 บริษัท ไปรษณีย์ไทย จำกัด /
_cบริษัท ไปรษณีย์ไทย จำกัด
_h[electronic resource]
260 _aกรุงเทพฯ :
_bไปรษณีย์ไทย,
_c2568.
300 _aOnline resource
505 2 _aส่วนที่ 1 ภาพรวมองค์กร -- ส่วนที่ 2 แนวโน้มทางธุรกิจ -- ส่วนที่ 3 รูปแบบธุรกิจ -- ส่วนที่ 4 ยุทธศาสตร์และการจัดสรรทรัพยากร -- ส่วนที่ 5 ความเสี่ยง -- ส่วนที่ 6 การกำกับดูแลกิจการ -- ส่วนที่ 7 ผลการดำเนินงาน ส่วนที่ 8 ข้อมูลอื่น ๆ.
610 2 4 _aบริษัท ไปรษณีย์ไทย จำกัด
_xรายงานประจำปี
_y2567
_966322
850 _aNALT
856 4 0 _uhttps://www.thailandpost.co.th/un/article_list/aboutus/89
_zE-Book
942 _2local
_cEBK
996 _ajidapa.t
_bACQSTF
_c2025-07-18
996 _avaree.k
_bLIBSTF
_c2025-07-18
996 _ajamriang.p
_bCATSTF
_c2025-07-18
999 _c106987
_d106987
998 _j25
_k นีลวัสน์ อินทรักษา